Music Quiz

Random Music Quiz

You're So Vain Lyrics Quiz Stats

 Plays Quiz not verified by Sporcle

Score 0/43 Timer 12:00
0 Plays Today
Lyrics Missing Lyrics % Correct
and you're so vain
94.8%
You're sovain
94.8%
is aboutyou
94.4%
I'll bet you think this song isabout you
94.4%
you probably think this song
94.1%
don't you?don't you?
91.7%
You walked into theparty
91.3%
Like you were walking onto a yacht
87.2%
you probably think this song
87.2%
I'll bet you think this song is about you
86.8%
dreamed that they'd be yourpartner
86.5%
They'd be your partner
85.8%
and all the girls
85.4%
and one of them was me
85.4%
don't you?don't you?
84.4%
You had one eyein the mirror
84%
I had somedreams
82.6%
and that you would never leave
81.6%
when I was still quitenaive
81.3%
they were clouds in my coffee
81.3%
clouds in my coffee, and you're so vain
81.3%
and You're so vain
79.9%
Lyrics Missing Lyrics % Correct
I'll bet you think this song isabout you
79.9%
you probably thinkthis song is about you
79.9%
you're so vain
79.9%
Your scarf it was apricot
79.2%
Your hat strategically dipped belowone eye
78.8%
Well, you said that we made such apretty pair
74.3%
is about youYou're so vain
74.3%
don't you?don't you?
72.2%
naturally won
71.9%
to see the total eclipse of the sun
71.5%
You had me several years ago
70.8%
but you gave away the things you loved
69.4%
up to Nova Scotia
67.7%
And your horse
67%
wife of a close friend
67%
or the wife of aclose friend
66.7%
Well, you're where you should be all the time
66.3%
Well, I hear you went up to Saratoga
61.8%
and when you're not, you're with someunderworld spy
53.1%
Then you flew your Lear Jet
46.9%
as you watched yourselfgavotte
41%

You're not logged in!

Compare scores with friends on all Sporcle quizzes.
OR
Log In

Show Comments

Extras

Top Quizzes Today


Score Distribution

Your Account Isn't Verified!

In order to create a playlist on Sporcle, you need to verify the email address you used during registration. Go to your Sporcle Settings to finish the process.

Report this User

Report this user for behavior that violates our Community Guidelines.

Details: